| Поле | Инд. | ПП | Название | Значение |
|---|---|---|---|---|
| Тип записи | a | |||
| Библиографический уровень | a | |||
| 001 | Контрольный номер | RU/IS/BASE/150814013 | ||
| 005 | Дата корректировки | 20240116094236.0 | ||
| 084 | a | Индекс другой классификации/Индекс ББК | 63.3(2)4; 38.7г(2)4; 38.9(2)4 | |
| 090 | 00 | a | Полочн. индекс | 63.5(2=Рус) |
| x | Авторский знак | Р 893 | ||
| 100 | 10 | a | Автор | Чижикова Л. Н. |
| 245 | 00 | a | Заглавие | Русские поселения |
| 650 | 04 | a | Основная рубрика | исторические науки |
| a | Основная рубрика | история | ||
| a | Основная рубрика | этнология (этнография) | ||
| 653 | 00 | a | Ключевые слова | XIII век |
| a | Ключевые слова | XIV век | ||
| a | Ключевые слова | XIX век | ||
| a | Ключевые слова | XV век | ||
| a | Ключевые слова | XVI век | ||
| a | Ключевые слова | XVII век | ||
| a | Ключевые слова | XVIII век | ||
| a | Ключевые слова | XX век | ||
| a | Ключевые слова | Древняя Русь | ||
| a | Ключевые слова | история строительства | ||
| a | Ключевые слова | казачество | ||
| a | Ключевые слова | коллективизация | ||
| a | Ключевые слова | колонизация | ||
| a | Ключевые слова | крестьянство | ||
| a | Ключевые слова | монастыри | ||
| a | Ключевые слова | население | ||
| a | Ключевые слова | натуральное хозяйство | ||
| a | Ключевые слова | новейшее время | ||
| a | Ключевые слова | новое время | ||
| a | Ключевые слова | общественный строй | ||
| a | Ключевые слова | особенности | ||
| a | Ключевые слова | планировка | ||
| a | Ключевые слова | погосты | ||
| a | Ключевые слова | поселения | ||
| a | Ключевые слова | Россия | ||
| a | Ключевые слова | русские | ||
| a | Ключевые слова | села | ||
| a | Ключевые слова | селения | ||
| a | Ключевые слова | сельские поселения | ||
| a | Ключевые слова | слободы | ||
| a | Ключевые слова | средние века | ||
| a | Ключевые слова | типология | ||
| a | Ключевые слова | экономическое развитие | ||
| 773 | 00 | d | Дата издания источника | Москва, 1999 |
| g | Прочая информация | С. 211-235 | ||
| t | Заглавие источника | Русские | ||
| w | Контрольный № источника | RU/IS/BASE/102094566 | ||
| 901 | t | Тип документа | a |